000 00637nam a22001817a 4500
005 20251108175926.0
008 250721s2023 xx 000 0 ara d
082 1 4 _a327.47/تمي
100 1 _aالتميمي، حيدر عبد الرضا
245 1 0 _aتاريخ السياسة السوفيتية تجاه قضايا عالمية معاصرة /
264 1 _aعمان :
_bدار الخليج للنشر و التوزيع،
_c2023.
300 _a215ص.
650 1 7 _aالسياسة الخارجية
650 1 7 _aالاتحاد السوفيتي
650 1 7 _aالتاريخ السياسي
942 _2ddc
_cBK
999 _c145679
_d145679